Statistics for Fictional Characters by Picture - T

Click here to take the quiz!

General Stats

  • This quiz has been taken 69,966 times
    (27,508 since last reset)
  • The average score is 12 of 20

Answer Stats

Answer% Correct
Tarzan
98%
Thor
98%
Tinker Bell
92%
Tigger
83%
Thanos
79%
Toad
77%
Tweety
77%
Timon
66%
Tintin
60%
Thumper
58%
Toto
49%
Tony Soprano
48%
Tweedledum and Tweedledee
47%
Ted Logan
45%
Tyler Durden
40%
Tyrion Lannister
40%
Thelma Dickinson
31%
Trinity
31%
The Tramp
23%
Travis Bickle
19%

Score Distribution

Percentile by Number Answered

Percent of People with Each Score

Your Score History

You have not taken this quiz since the last reset